000 nam a22 7a 4500
999 _c48764
_d48764
003 OSt
005 20190903112733.0
008 190903b xxu||||| |||| 00| 0 eng d
040 _cIIMT UNIVERSITY
100 _aSWAMY BHUSHAN
245 _aPHARMACEUTIAL INORGANIC CHEMISTRY
260 _aGHAZIABAD
_bPEE VEE PUB
_c2017
300 _a11.10
942 _2ddc
_c01